[Event "GER-ch Seniors 22nd"]
[Site "Berlin"]
[Date "2010.08.17"]
[Round "2"]
[White "Wolter, Guenter"]
[Black "Elstein, Alla"]
[Result "1-0"]
[WhiteElo "1725"]
[BlackElo "1505"]
[PlyCount "45"]
[EventDate "2010.08.16"]
[EventType "swiss"]
[EventRounds "9"]
[EventCountry "GER"]
[SourceTitle "CBM 138 Extra"]
[Source "ChessBase"]
[SourceDate "2010.10.29"]
[SourceVersion "1"]
[SourceVersionDate "2010.10.29"]
[SourceQuality "1"]

1. e4 c5 2. Nc3 d6 3. g3 g6 4. Bg2 Bg7 5. d3 Nf6 6. f4 Bg4 7. Nf3 e5 8. 0-0 0-0 9. h3 Bxf3 10. Qxf3 Nbd7 11. f5 Kh8 12. g4 h5 13. g5 Nh7 14. f6 Ndxf6 15. gxf6 Bxf6 16. Nd5 Bg7 17. Bd2 Rc8 18. c4 b6 19. Rf2 Rb8 20. Raf1 Rb7 21. Qg3 a6 22. Bf3 Nf6 23. Bg5 1-0

[Event "Wch Seniors (Women) 19th"]
[Site "Condino"]
[Date "2009.11.04"]
[Round "7"]
[White "Elstein, Alla"]
[Black "Savinova, Yulia"]
[Result "1/2-1/2"]
[WhiteElo "1677"]
[BlackElo "1400"]
[PlyCount "58"]
[EventDate "2009.10.27"]
[EventType "swiss"]
[EventRounds "9"]
[EventCountry "ITA"]
[SourceTitle "EXT 2010"]
[Source "ChessBase"]
[SourceDate "2010.11.25"]
[SourceVersion "1"]
[SourceVersionDate "2010.11.25"]
[SourceQuality "1"]

1. Nf3 Nf6 2. g3 Nc6 3. c4 e5 4. d3 d6 5. Bg2 h6 6. 0-0 Be7 7. a3 0-0 8. Nc3 Nd4 9. e3 Ne6 10. h3 c6 11. Bd2 Nh7 12. d4 Nhg5 13. Nxg5 Nxg5 14. Kh2 f5 15. f4 Nf7 16. b4 Qc7 17. Rc1 exd4 18. exd4 Bf6 19. d5 Bd7 20. Re1 Rae8 21. Qb3 Bd4 22. Rxe8 Rxe8 23. Re1 c5 24. Rxe8+ Bxe8 25. Nb5 Bxb5 26. cxb5 b6 27. Qd3 Qe7 28. bxc5 dxc5 29. Bc3 Nd6 1/2-1/2

[Event "Wch Seniors (Women) 19th"]
[Site "Condino"]
[Date "2009.10.31"]
[Round "4"]
[White "Abdikasova, Panu"]
[Black "Elstein, Alla"]
[Result "1-0"]
[WhiteElo "2055"]
[BlackElo "1677"]
[PlyCount "84"]
[EventDate "2009.10.27"]
[EventType "swiss"]
[EventRounds "9"]
[EventCountry "ITA"]
[SourceTitle "EXT 2010"]
[Source "ChessBase"]
[SourceDate "2010.11.25"]
[SourceVersion "1"]
[SourceVersionDate "2010.11.25"]
[SourceQuality "1"]

1. d4 d5 2. Nf3 Nf6 3. c4 e6 4. Nc3 c6 5. e3 Be7 6. Bd3 0-0 7. 0-0 dxc4 8. Bxc4 Nbd7 9. Qc2 h6 10. e4 Qc7 11. Bd3 e5 12. Be3 Ng4 13. Nd5 Qd6 14. Nxe7+ Qxe7 15. h3 Nxe3 16. fxe3 f6 17. Rac1 Nb6 18. Nh4 Kh7 19. d5 g5 20. Nf5 Bxf5 21. Rxf5 Kg7 22. dxc6 Rac8 23. Qf2 Rxc6 24. Rxc6 bxc6 25. Qc2 c5 26. b3 Rc8 27. Ba6 Rc7 28. Rf1 Qe6 29. Rc1 h5 30. Bc4 Nxc4 31. Qxc4 Kf7 32. Qd5 Ke7 33. Rxc5 Rd7 34. Qxe6+ Kxe6 35. Ra5 f5 36. Ra6+ Rd6 37. exf5+ Ke7 38. Rxa7+ Kf6 39. e4 Rd4 40. Ra4 g4 41. hxg4 hxg4 42. Rxd4 exd4 1-0